Music Quiz

Random Music or The Beatles Quiz

Beatles Songs: Without Beginning or End Quiz Stats

 Plays Quiz not verified by Sporcle

Score 0/30 Timer 05:00
0 Plays Today
Clue Song % Correct
ello ubmarinYellow Submarine
98.2%
axmaTaxman
93.3%
esterdaYesterday
89.4%
ichellMichelle
89.1%
ecausBecause
88.2%
elte kelteHelter Skelter
88.2%
ad adonnLady Madonna
86.5%
ock accooRocky Raccoon
86%
elHelp
83.4%
e ajestHer Majesty
82.4%
e udHey Jude
73.4%
enn anPenny Lane
67.9%
las nioGlass Onion
62.8%
ex adiSexy Sadie
61.2%
hin o ourselThink For Yourself
61.2%
Clue Song % Correct
h ove oShe Loves You
60.2%
ovel itLovely Rita
49.6%
er ome h uHere Comes The Sun
48.2%
aiWait or Rain
47.7%
e acGet Back
47.1%
on on onLong Long Long
47.1%
irGirl
44.6%
e lueYer Blues
41.7%
h ai h aiShe Said She Said
41.4%
h nThe End
37.2%
u o ou ifRun For Your Life
35%
lu a aBlue Jay Way
30.6%
l row hoOld Brown Shoe
28%
u inSun King
23.3%
one iHoney Pie
23%

You're not logged in!

Compare scores with friends on all Sporcle quizzes.
OR
Log In

You Might Also Like...

Show Comments

Extras

Curator's Pick Oct 14, 2013ReportNominate
Tags:Begins and Ends Quiz, The Beatles Quiz

Top Quizzes Today


Score Distribution

Your Account Isn't Verified!

In order to create a playlist on Sporcle, you need to verify the email address you used during registration. Go to your Sporcle Settings to finish the process.

Report this User

Report this user for behavior that violates our Community Guidelines.

Details: